000 00547nam a2200241Ia 4500
003 OSt
005 20220912151948.0
006 a|||||r|||| 00| 0
007 ta
008 220909b |||||||| |||| 00| 0 eng d
024 _a63579
037 _cTextual
040 _bspa
041 _aspa
082 _aG11:7, K2;2
100 _aStrehler B L
245 0 _aTime, cells and againg
260 _c1962
300 _ap.
_ccm.
650 _aBiology
942 _hG11:7, K2;2
_cTEXL
_2CC
999 _c78193
_d78193